[Event "Hum na Sutli op 15th"]
[Site "Hum na Sutli"]
[Date "2023.09.01"]
[Round "8"]
[White "Car, Filip"]
[Black "Peric, Bernard"]
[Result "1/2-1/2"]
[WhiteElo "1949"]
[BlackElo "2160"]
[PlyCount "82"]
[EventDate "2023.08.26"]
[EventType "swiss"]
[EventRounds "9"]
[EventCountry "CRO"]
[SourceTitle "EXT 2024"]
[Source "ChessBase"]
[SourceDate "2023.10.10"]
[SourceVersion "1"]
[SourceVersionDate "2023.10.10"]
[SourceQuality "1"]

1. d4 Nf6 2. c4 e6 3. g3 Bb4+ 4. Bd2 Qe7 5. Bg2 Bxd2+ 6. Qxd2 d5 7. Nc3 dxc4 8. Nf3 0-0 9. Ne5 Rd8 10. 0-0 c5 11. e3 cxd4 12. exd4 Na6 13. Rfd1 Rb8 14. Qe2 Nb4 15. Qxc4 Bd7 16. Qc5 Qxc5 17. dxc5 Na6 18. Rd6 Be8 19. Rxd8 Rxd8 20. b4 Nd5 21. Nxd5 exd5 22. a3 b6 23. cxb6 axb6 24. Rc1 Bb5 25. Nc6 Re8 26. Bxd5 Kf8 27. Nd4 Bd7 28. Bb7 Nb8 29. h4 Rd8 30. b5 Ke7 31. Nc6+ Nxc6 32. bxc6 Bc8 33. c7 Rf8 34. Bc6 Kd6 35. Bb5 Bb7 36. f4 Rc8 37. Rd1+ Kc5 38. Bd3 h6 39. Rc1+ Kd6 40. Kf2 Rxc7 41. Rxc7 Kxc7 1/2-1/2

[Event "Hum na Sutli op 15th"]
[Site "Hum na Sutli"]
[Date "2023.08.31"]
[Round "7"]
[White "Plenkovic, Zdenko"]
[Black "Car, Filip"]
[Result "0-1"]
[WhiteElo "2345"]
[BlackElo "1949"]
[PlyCount "82"]
[EventDate "2023.08.26"]
[EventType "swiss"]
[EventRounds "9"]
[EventCountry "CRO"]
[SourceTitle "EXT 2024"]
[Source "ChessBase"]
[SourceDate "2023.10.10"]
[SourceVersion "1"]
[SourceVersionDate "2023.10.10"]
[SourceQuality "1"]

1. g3 d5 2. Bg2 e5 3. d3 Nc6 4. Nf3 f6 5. 0-0 Be6 6. Nbd2 Qd7 7. e4 d4 8. Ne1 g5 9. f4 gxf4 10. gxf4 exf4 11. Qh5+ Bf7 12. Qh4 Be6 13. Ndf3 0-0-0 14. Bxf4 Be7 15. Qg3 h5 16. Nh4 Nh6 17. Bxh6 Rxh6 18. Nf5 Rhh8 19. Nxe7+ Qxe7 20. Qh4 Rdf8 21. Kh1 Kb8 22. Nf3 Bg4 23. a3 Qc5 24. Rac1 Qb5 25. Nd2 Ne5 26. b3 Qa5 27. Qf2 h4 28. a4 h3 29. Bf3 Rhg8 30. Bxg4 Nxg4 31. Qf4 Ne3 32. Nc4 Qg5 33. Nxe3 dxe3 34. Qxg5 fxg5 35. Rce1 Rf2 36. e5 Kc8 37. e6 Re8 38. Rg1 Rxe6 39. Rxg5 e2 40. Rg8+ Kd7 41. Rg7+ Kd6 0-1

[Event "Hum na Sutli op 15th"]
[Site "Hum na Sutli"]
[Date "2023.08.30"]
[Round "6"]
[White "Jelecevic, Ivo"]
[Black "Car, Filip"]
[Result "1/2-1/2"]
[WhiteElo "2079"]
[BlackElo "1949"]
[PlyCount "118"]
[EventDate "2023.08.26"]
[EventType "swiss"]
[EventRounds "9"]
[EventCountry "CRO"]
[SourceTitle "EXT 2024"]
[Source "ChessBase"]
[SourceDate "2023.10.10"]
[SourceVersion "1"]
[SourceVersionDate "2023.10.10"]
[SourceQuality "1"]

1. e4 c5 2. Nf3 d6 3. d4 cxd4 4. Qxd4 Nc6 5. Bb5 Bd7 6. Bxc6 Bxc6 7. Nc3 Nf6 8. Bg5 e6 9. 0-0-0 Be7 10. Rhe1 0-0 11. Qd2 Qc7 12. Nd4 Rfd8 13. f4 h6 14. Bxf6 Bxf6 15. Ndb5 Qa5 16. Nd4 Rac8 17. Kb1 Be8 18. Nd5 Qxd2 19. Nxf6+ gxf6 20. Rxd2 Rc5 21. g3 Kf8 22. e5 fxe5 23. fxe5 Ke7 24. exd6+ Rxd6 25. c3 f6 26. b4 Bg6+ 27. Kb2 Rcd5 28. Rf2 e5 29. Ree2 Kf7 30. Nf3 Kg7 31. Nh4 Bd3 32. Re3 Kf7 33. Nf3 Ke7 34. Nd4 Kd7 35. Rxd3 exd4 36. c4 Re5 37. c5 Rdd5 38. Kb3 Ke6 39. Kc4 Re1 40. Rxf6+ Kxf6 41. Kxd5 Re2 42. a4 Rxh2 43. Rxd4 Rg2 44. g4 Ke7 45. c6 Kd8 46. Kd6 bxc6 47. Kxc6+ Kc8 48. a5 Rc2+ 49. Kb5 Rc7 50. Rd6 Rg7 51. Ka6 Rxg4 52. b5 Kb8 53. Rxh6 Rg8 54. Rh7 Rg6+ 55. b6 axb6 56. axb6 Rg8 57. Rf7 Rh8 58. Rf6 Rg8 59. Rf3 Rh8 1/2-1/2

[Event "Hum na Sutli op 15th"]
[Site "Hum na Sutli"]
[Date "2023.08.29"]
[Round "5"]
[White "Car, Filip"]
[Black "Cvitkovic, Filip"]
[Result "1-0"]
[WhiteElo "1949"]
[BlackElo "2122"]
[PlyCount "85"]
[EventDate "2023.08.26"]
[EventType "swiss"]
[EventRounds "9"]
[EventCountry "CRO"]
[SourceTitle "EXT 2024"]
[Source "ChessBase"]
[SourceDate "2023.10.10"]
[SourceVersion "1"]
[SourceVersionDate "2023.10.10"]
[SourceQuality "1"]

1. d4 Nf6 2. c4 e6 3. Nc3 Bb4 4. Qc2 0-0 5. Nf3 c5 6. dxc5 Na6 7. g3 Nxc5 8. Bg2 b6 9. 0-0 Bb7 10. Nb5 Be4 11. Qd1 Nb7 12. a3 Be7 13. Bf4 a6 14. Nc3 Bc6 15. Qc2 d6 16. b4 Rc8 17. e4 b5 18. Nd4 e5 19. Nxc6 Rxc6 20. cxb5 axb5 21. Bg5 Qc7 22. Rac1 Rc8 23. Qb1 Qd7 24. Qd3 Rc4 25. Rfd1 Nd8 26. Bf1 Ne6 27. Nxb5 Qxb5 28. Bxf6 gxf6 29. Rxc4 Rxc4 30. Qxc4 Qa4 31. Rb1 Qxa3 32. b5 Qa8 33. b6 Qb7 34. Qd5 Qb8 35. b7 Nc5 36. Qc6 Kg7 37. Qc8 Qa7 38. b8Q Qa4 39. Qh8+ Kh6 40. Qbg8 Qxe4 41. Qhg7+ Kh5 42. Be2+ Qxe2 43. Q8xh7# 1-0

[Event "Hum na Sutli op 15th"]
[Site "Hum na Sutli"]
[Date "2023.08.27"]
[Round "3"]
[White "Car, Filip"]
[Black "Starcevic, Ante Leon"]
[Result "0-1"]
[WhiteElo "1949"]
[BlackElo "2184"]
[PlyCount "54"]
[EventDate "2023.08.26"]
[EventType "swiss"]
[EventRounds "9"]
[EventCountry "CRO"]
[SourceTitle "EXT 2024"]
[Source "ChessBase"]
[SourceDate "2023.10.10"]
[SourceVersion "1"]
[SourceVersionDate "2023.10.10"]
[SourceQuality "1"]

1. d4 d5 2. c4 c6 3. Nc3 Nf6 4. e3 g6 5. Bd3 Bg7 6. Qc2 c5 7. Nf3 cxd4 8. exd4 0-0 9. c5 b6 10. b4 Nc6 11. Qa4 Nxd4 12. Nxd4 Ne4 13. Nce2 bxc5 14. Qc6 Rb8 15. Bxe4 cxd4 16. Bd3 e5 17. f3 e4 18. Nf4 exd3 19. Bd2 Re8+ 20. Kf2 g5 21. Nxd3 Bf5 22. Nc5 d3 23. Rae1 Bd4+ 24. Kg3 Re2 25. Rxe2 dxe2 26. Re1 Rb6 27. Qa4 Rg6 0-1

[Event "CRO-ch U17/19"]
[Site "Split"]
[Date "2022.07.27"]
[Round "4"]
[White "Frouth, Vibor"]
[Black "Car, Filip"]
[Result "0-1"]
[WhiteElo "1607"]
[BlackElo "1937"]
[PlyCount "58"]
[EventDate "2022.07.25"]
[EventType "swiss"]
[EventRounds "9"]
[EventCountry "CRO"]
[SourceTitle "EXT 2023"]
[Source "ChessBase"]
[SourceDate "2022.10.05"]
[SourceVersion "1"]
[SourceVersionDate "2022.10.05"]
[SourceQuality "1"]

1. e4 c5 2. Nf3 d6 3. c3 Nf6 4. h3 Nc6 5. d3 e5 6. Bg5 Be7 7. Be2 Be6 8. Nbd2 0-0 9. 0-0 d5 10. Qc2 d4 11. c4 Nh5 12. Bxe7 Qxe7 13. a3 Nf4 14. Rfe1 f5 15. Bf1 Rf6 16. exf5 Bxf5 17. Ne4 Rg6 18. Ng3 Rf8 19. Qd2 Bd7 20. Qd1 h5 21. Kh2 h4 22. Nh1 Qf6 23. Ng1 e4 24. Rxe4 Qd6 25. g3 Nh5 26. Qe1 Rxf2+ 27. Qxf2 hxg3+ 28. Nxg3 Nxg3 29. Qf4 Nxe4 0-1

[Event "CRO-ch U15"]
[Site "Trogir"]
[Date "2019.06.22"]
[Round "9"]
[White "Ljubicic, Mario"]
[Black "Car, Filip"]
[Result "0-1"]
[WhiteElo "1945"]
[BlackElo "1631"]
[PlyCount "46"]
[EventDate "2019.06.17"]
[EventType "swiss"]
[EventRounds "9"]
[EventCountry "CRO"]
[SourceTitle "EXT 2020"]
[Source "ChessBase"]
[SourceDate "2019.10.17"]
[SourceVersion "1"]
[SourceVersionDate "2019.10.17"]
[SourceQuality "1"]

1. e4 e6 2. d4 d5 3. Nd2 Nf6 4. e5 Nfd7 5. Bd3 c5 6. c3 Nc6 7. Ne2 cxd4 8. cxd4 f6 9. exf6 Nxf6 10. Nf3 Bd6 11. 0-0 0-0 12. Bg5 e5 13. dxe5 Nxe5 14. Nxe5 Bxe5 15. Qb3 Bxh2+ 16. Kh1 Qe8 17. Ng3 Bxg3 18. fxg3 Qh5+ 19. Bh4 g5 20. Rxf6 Rxf6 21. Qxd5+ Be6 22. Qe5 Rh6 23. Be2 Qg6 0-1

[Event "CRO-ch U15"]
[Site "Trogir"]
[Date "2019.06.21"]
[Round "8"]
[White "Car, Filip"]
[Black "Topalic, Fran"]
[Result "0-1"]
[WhiteElo "1631"]
[BlackElo "1670"]
[PlyCount "50"]
[EventDate "2019.06.17"]
[EventType "swiss"]
[EventRounds "9"]
[EventCountry "CRO"]
[SourceTitle "EXT 2020"]
[Source "ChessBase"]
[SourceDate "2019.10.17"]
[SourceVersion "1"]
[SourceVersionDate "2019.10.17"]
[SourceQuality "1"]

1. d4 d5 2. c4 c6 3. Nc3 Nf6 4. e3 e6 5. Nf3 Be7 6. Bd3 0-0 7. 0-0 Nbd7 8. e4 dxe4 9. Nxe4 Nxe4 10. Bxe4 Nf6 11. Bc2 c5 12. dxc5 Bxc5 13. a3 a5 14. b3 b6 15. Bb2 h6 16. Qe2 Bb7 17. Ne5 Qc7 18. Rfd1 Rfd8 19. Ng4 Nxg4 20. Qxg4 Bf8 21. f4 Qc5+ 22. Kf1 a4 23. f5 axb3 24. Bd3 exf5 25. Bxf5 Ba6 0-1

[Event "CRO-ch U15"]
[Site "Trogir"]
[Date "2019.06.20"]
[Round "6"]
[White "Car, Filip"]
[Black "Karlusic, Luka"]
[Result "1/2-1/2"]
[WhiteElo "1631"]
[BlackElo "1936"]
[PlyCount "124"]
[EventDate "2019.06.17"]
[EventType "swiss"]
[EventRounds "9"]
[EventCountry "CRO"]
[SourceTitle "EXT 2020"]
[Source "ChessBase"]
[SourceDate "2019.10.17"]
[SourceVersion "1"]
[SourceVersionDate "2019.10.17"]
[SourceQuality "1"]

1. d4 d5 2. c4 dxc4 3. e3 Nf6 4. Bxc4 e6 5. Nf3 c5 6. 0-0 a6 7. a4 Nc6 8. Nc3 Be7 9. dxc5 Bxc5 10. e4 Qxd1 11. Rxd1 Ng4 12. Rf1 Nge5 13. Nxe5 Nxe5 14. Be2 Bd7 15. Bf4 Ng6 16. Bg3 Ke7 17. Rfd1 Bc6 18. Rac1 Rhd8 19. Bd3 Bd4 20. Bc2 Rac8 21. Kf1 b5 22. Rb1 b4 23. Ne2 Bb6 24. f3 e5 25. Bb3 f6 26. Bf2 Bxf2 27. Kxf2 a5 28. Rxd8 Rxd8 29. Rd1 Rxd1 30. Bxd1 Kd6 31. Ke3 Ne7 32. Bc2 Kc5 33. b3 Bd7 34. Bd1 Be6 35. Bc2 Nc6 36. Bd1 Kd6 37. Bc2 Nd8 38. Bd1 Nb7 39. Bc2 Nc5 40. Nc1 g6 41. g4 Ke7 42. Kf2 Kf7 43. Ke3 Ke7 44. Kd2 Kd6 45. Ke3 Ke7 46. Kf2 Kf7 47. Ke3 h5 48. gxh5 gxh5 49. h4 Ke7 50. Kf2 Bf7 51. Ke3 Ne6 52. Ne2 Nc5 53. Nc1 Be6 54. Kf2 Kf7 55. Ke3 Kg6 56. f4 Kg7 57. f5 Bf7 58. Kd2 Kf8 59. Ke3 Ke7 60. Kd2 Kd6 61. Ke3 Ke7 62. Kf2 Kd6 1/2-1/2

[Event "CRO-ch U13"]
[Site "Trogir"]
[Date "2018.06.20"]
[Round "8"]
[White "Car, Filip"]
[Black "Jaksic, Josip"]
[Result "1/2-1/2"]
[WhiteElo "1576"]
[BlackElo "1453"]
[PlyCount "64"]
[EventDate "2018.06.16"]
[EventType "swiss"]
[EventRounds "9"]
[EventCountry "CRO"]
[SourceTitle "EXT 2019"]
[Source "ChessBase"]
[SourceDate "2018.10.10"]
[SourceVersion "1"]
[SourceVersionDate "2018.10.10"]
[SourceQuality "1"]

1. d4 d5 2. c4 e6 3. Nc3 Nf6 4. cxd5 exd5 5. Bg5 Be7 6. e3 c6 7. Bd3 Nbd7 8. Qc2 Nh5 9. Bxe7 Qxe7 10. Nge2 g6 11. Ng3 Ng7 12. Qd2 Nb6 13. 0-0 0-0 14. f3 Qg5 15. Qf2 Be6 16. Rad1 f5 17. f4 Qf6 18. Nb1 Nc8 19. Nd2 Nd6 20. Nf3 Ne4 21. Qe2 Qd8 22. Rb1 a5 23. Ne5 Qd6 24. Rfc1 Rfc8 25. Bxe4 dxe4 26. Nc4 Bxc4 27. Rxc4 Ne6 28. Nf1 Rc7 29. Nd2 c5 30. dxc5 Nxc5 31. Rbc1 Rac8 32. Rd4 Qb6 1/2-1/2

[Event "CRO-ch U13"]
[Site "Trogir"]
[Date "2018.06.18"]
[Round "5"]
[White "Putar, Leon"]
[Black "Car, Filip"]
[Result "0-1"]
[WhiteElo "1680"]
[BlackElo "1576"]
[PlyCount "104"]
[EventDate "2018.06.16"]
[EventType "swiss"]
[EventRounds "9"]
[EventCountry "CRO"]
[SourceTitle "EXT 2019"]
[Source "ChessBase"]
[SourceDate "2018.10.10"]
[SourceVersion "1"]
[SourceVersionDate "2018.10.10"]
[SourceQuality "1"]

1. e4 e6 2. d4 d5 3. Nd2 Nf6 4. e5 Nfd7 5. Bd3 c5 6. c3 Nc6 7. Ngf3 g6 8. 0-0 Bg7 9. Kh1 0-0 10. Rg1 cxd4 11. cxd4 f6 12. exf6 Nxf6 13. Nb3 Qd6 14. Be3 Ng4 15. h3 Nxe3 16. fxe3 Qg3 17. Nbd2 e5 18. Nf1 Qf2 19. dxe5 Bxh3 20. Ng5 Bc8 21. Nh2 Qxe3 22. Ngf3 Nxe5 23. Re1 Qxd3 24. Nxe5 Qxd1 25. Raxd1 Rd8 26. Nhf3 Bf5 27. b3 Rac8 28. Ng5 d4 29. Nc4 d3 30. Ne4 Bxe4 31. Rxe4 b5 32. Na3 d2 33. Rf4 Rc1 34. Rff1 Rxd1 35. Rxd1 Bh6 36. Kg1 Rc8 37. Kf1 Rc1 38. Ke2 Kf7 39. Nb1 Ke6 40. Nxd2 Rxd1 41. Kxd1 Bxd2 42. Kxd2 Kd5 43. Kd3 h5 44. a3 a5 45. Ke3 g5 46. g3 h4 47. gxh4 gxh4 48. Kf4 Kd4 49. Kg4 Kc3 50. Kxh4 Kxb3 51. Kg4 Kxa3 52. Kf3 Kb2 0-1